[Event "LSS RN-2008-0-00165"]
[Site "LSS email"]
[Date "2008.11.23"]
[Round "?"]
[White "Skovgaard, Bent"]
[Black "Berning, Bryan"]
[Result "1-0"]
[WhiteElo "800"]
[BlackElo "800"]
[PlyCount "29"]
[EventDate "2008.11.19"]
[EventType "tourn (corr)"]
[EventRounds "6"]
[EventCountry "GER"]
[SourceTitle "Corr 2022"]
[Source "ChessBase"]
[SourceDate "2021.10.24"]
[SourceVersion "1"]
[SourceVersionDate "2021.10.24"]
[SourceQuality "1"]

1. e4 e5 2. Nf3 Nc6 3. Nc3 Bc5 4. Nxe5 Nxe5 5. d4 Bb4 6. dxe5 Bxc3+ 7. bxc3 f6 8. Ba3 fxe5 9. Qh5+ g6 10. Qxe5+ Kf7 11. Bc4+ d5 12. Bxd5+ Be6 13. Bxe6+ Ke8 14. Bxg8+ Qe7 15. Qxe7# 1-0

[Event "LSS OP-2008-0-00678"]
[Site "LSS email"]
[Date "2008.11.16"]
[Round "?"]
[White "Wright, Matthew"]
[Black "Skovgaard, Bent"]
[Result "0-1"]
[WhiteElo "800"]
[BlackElo "800"]
[PlyCount "50"]
[EventDate "2008.11.14"]
[EventType "tourn (corr)"]
[EventRounds "4"]
[EventCountry "GER"]
[SourceTitle "Corr 2022"]
[Source "ChessBase"]
[SourceDate "2021.10.24"]
[SourceVersion "1"]
[SourceVersionDate "2021.10.24"]
[SourceQuality "1"]

1. e4 e5 2. f4 exf4 3. Bc4 Nc6 4. Nf3 Nf6 5. e5 Ng4 6. Qe2 Be7 7. 0-0 d6 8. d4 dxe5 9. dxe5 Bc5+ 10. Kh1 Ne3 11. Bxe3 Bxe3 12. Nc3 Bg4 13. Rad1 Nd4 14. Rxd4 Bxd4 15. Nd5 Bxb2 16. Nxf4 0-0 17. Qe4 Bxf3 18. gxf3 Kh8 19. Bd3 g6 20. Ne2 f5 21. Qe3 Re8 22. f4 Qd5+ 23. Kg1 Qxa2 24. h4 Qd5 25. h5 g5 0-1